Fr. Conceicao Rodrigues College of Engineering

Professional Node .js:Building Java Script based scalable software (Record no. 23445)

MARC details
000 -LEADER
fixed length control field 00379nam a2200157Ia 4500
082 ## - DEWEY DECIMAL CLASSIFICATION NUMBER
Classification number 005.133J
Item number TEI
100 ## - MAIN ENTRY--PERSONAL NAME
Personal name Teixeria/Pedro
245 ## - TITLE STATEMENT
Title Professional Node .js:Building Java Script based scalable software
260 ## - PUBLICATION, DISTRIBUTION, ETC.
Name of publisher, distributor, etc. Wiley India
Date of publication, distribution, etc. 2013
366 ## - TRADE AVAILABILITY INFORMATION
Publishers's discount category 25
300 ## - PHYSICAL DESCRIPTION
Extent 371
546 ## - LANGUAGE NOTE
Language note ENGLISH
-- Computers
650 ## - SUBJECT ADDED ENTRY--TOPICAL TERM
Topical term or geographic name entry element Java Script
654 ## - SUBJECT ADDED ENTRY--FACETED TOPICAL TERMS
Focus term Node.js
942 ## - ADDED ENTRY ELEMENTS (KOHA)
Koha item type BOOK
Holdings
Withdrawn status Lost status Damaged status Not for loan Collection Home library Current library Date acquired Source of acquisition Cost, normal purchase price Inventory number Total Checkouts Total Renewals Full call number Barcode Date last seen Date last checked out Cost, replacement price Price effective from Koha item type
        CRC Fr. Agnel's C.Rodrigues College of Engineering Fr. Agnel's C.Rodrigues College of Engineering 17/03/2023 Allied Publishers 524.25 1268 dt 07.10.2013 1 1 005.133J TEI 22973 05/08/2024 10/07/2024 699.00   BOOK